| 000 | 00942nas a2200289 4500 | ||
|---|---|---|---|
| 001 | BR2012001326 | ||
| 003 | BR-BrBNA | ||
| 005 | 20231205120306.0 | ||
| 007 | ta | ||
| 008 | 230509b bl.|||p| |||| 00| 00por d | ||
| 040 |
_aBR-BrBNA _bpor _cBiblioteca Nacional de Agricultura |
||
| 041 | _a(Pt) | ||
| 072 | _aP10; Q70; T01 | ||
| 100 | 1 | _aThebaldi, M.S. | |
| 100 | 1 | _aSandri, D. | |
| 100 | 1 | _aFelisberto, A.B. | |
| 100 | 1 | _aRocha, M.S. da | |
| 245 | 1 | _aQualidade da água de um córrego sob influência de efluente tratado de abate bovino | |
| 650 | _aPOLUIÇÃO DA ÁGUA | ||
| 650 | _aRESÍDUO | ||
| 650 | _aREDE DE ESGOTO | ||
| 650 | _aDEPURAÇÃO | ||
| 773 | 0 |
_tRevista Brasileira de Engenharia Agrícola e Ambiental (Brazil) _xISSN 1807-1929 _g(Mar 2011), v.15(3) p. 302-309 _wBR2012001326 |
|
| 856 | 4 | 0 | _uhttp://www.scielo.br/pdf/rbeaa/v15n3/v15n3a12.pdf |
| 909 |
_a202311 _bLúcia _c55 _dLúcia Elande |
||
| 942 |
_2AGRIS _n0 _cANA |
||
| 999 |
_c217781 _d217781 |
||